Statistics for Super Smash Bros. Fighters #04E - The Dark Samus Quiz

Click here to take the quiz!

General Stats

  • This quiz has been taken 77 times
    (54 since last reset)
  • The average score is 6 of 14

Answer Stats

HintAnswer% Correct
Despite Dark Samus' wide range of abilities, in Smash Ultimate she was relegated to what class of fighter?{Echo} Fighter
80%
What creature produced the substance that 'birthed' Dark Samus?Metroid Prime
80%
Before becoming a proper fighter in Smash Bros., Dark Samus appeared in the 3DS/WiiU entries as a what?Assist Trophy
76%
What was the first game Dark Samus appeared in?Metroid Prime 2: Echoes
73%
Dark Samus is the main antagonist of what game?Metroid Prime 3: Corruption
63%
What substance is Dark Samus made of?Phazon
56%
Which organization initially confused Dark Samus for Samus, then tried to forge an alliance with her after discovering that was not the case?Space Pirates
39%
According to a logbook entry, Dark Samus' suit is based off of which of Samus' suits?Varia Suit
37%
What other Metroid character is a clone of Samus?SA-X
29%
What planet was Dark Samus created on?Tallon IV
15%
On what planet does Samus first meet Dark Samus?Aether
12%
Members of said organization refer to Dark Samus with what nickname?The Dark Hunter
10%
Which of Samus' weaponry is Dark Samus especially weak to?Dark Beam / Darkburst
7%
Dark Samus was inspired by a phase of what Zero Mission boss?Ruins Test
2%

Score Distribution

Percentile by Number Answered

Percent of People with Each Score

Your Score History

You have not taken this quiz since the last reset